Lie groups /

Guardado en:
Autor Principal: Cohn, P. M.
Formato: Libro
Idioma:English
Publicado: Cambridge : University Press, 1957.
Series:Cambridge tracts in mathematics and mathematical physics ; no. 46
Materias:
Etiquetas: Agregar Etiqueta
Sin Etiquetas, Sea el primero en etiquetar este registro!
LEADER 00640cam a22002055a 4500
001 MAT.inmabb004637
008 841206s1957####enk######b####001#0#eng##
005 20130419152418.0
245 1 0 |a Lie groups /  |c by P. M. Cohn. 
260 |a Cambridge :  |b University Press,  |c 1957. 
300 |a vi, 164 p. ;  |c 23 cm. 
440 0 |a Cambridge tracts in mathematics and mathematical physics ;  |v no. 46 
504 |a Bibliografía: p. 162. 
510 4 |a MR,  |c 21 #2702 
100 1 |a Cohn, P. M.  |q (Paul Moritz) 
084 |a 22-01  |2 msc2000 
650 0 |a Lie groups. 
010 |a  57014932  
040 |a DLC/ICU  |c ICU  |d DLC 
859 |h 22  |i C678  |p A-4275  |b BIB. MATEMATICA